000 02417nam a22002777a 4500
001 5970
003 FISKH
005 20250225092507.0
008 250214b cb ||||| |||| 00| 0 eng d
020 _a9780553840070
_c$12.50
040 _aFISKH
_beng
_cFISKH
_dFISKH
050 _aBF561 .G65
082 _a152.4
100 _aGoleman, Daniel
245 _aEmotional intelligence :
_bWhy it can matter more than IQ /
_cDaniel Goleman
260 _aBantam Books :
_bNew York :
_c1995.
300 _a497 pages :
_c18 cm
500 _aThe groundbreaking book that redefines what it means to be smart.
520 _a#1 BESTSELLER • The groundbreaking book that redefines what it means to be smart, with a new introduction by the author “A thoughtfully written, persuasive account explaining emotional intelligence and why it can be crucial.”— USA Today Everyone knows that high IQ is no guarantee of success, happiness, or virtue, but until Emotional Intelligence, we could only guess why. Daniel Goleman's brilliant report from the frontiers of psychology and neuroscience offers startling new insight into our “two minds”—the rational and the emotional—and how they together shape our destiny. Drawing on groundbreaking brain and behavioral research, Goleman shows the factors at work when people of high IQ flounder and those of modest IQ do surprisingly well. These factors, which include self-awareness, self-discipline, and empathy, add up to a different way of being smart—and they aren’t fixed at birth. Although shaped by childhood experiences, emotional intelligence can be nurtured and strengthened throughout our adulthood—with immediate benefits to our health, our relationships, and our work. The twenty-fifth-anniversary edition of Emotional Intelligence could not come at a better time—we spend so much of our time online, more and more jobs are becoming automated and digitized, and our children are picking up new technology faster than we ever imagined. With a new introduction from the author, the twenty-fifth-anniversary edition prepares readers, now more than ever, to reach their fullest potential and stand out from the pack with the help of EI.
650 _aEmotional Intelligence
_vNon-fiction
650 _aPsychology
_vScience
650 _aManagement
_vSelf-Help
650 _aLeadership
_vSelf-Improvement
942 _2ddc
_cBK
_n0
999 _c5970
_d5970